Top 10 Players in the 2022 NBA Finals - Statistics

General Stats
  • This quiz has been taken 959 times
  • The average score is 9 of 10
Answer Stats
Team Player % Correct
2. BOS Jayson Tatum
100%
1. GSW Stephen Curry
100%
4. GSW Draymond Green
98%
3. BOS Jaylen Brown
98%
10. GSW Klay Thompson
98%
8. GSW Andrew Wiggins
84%
5. GSW Jordan Poole
82%
9. BOS Al Horford
80%
6. BOS Marcus Smart
77%
7. BOS Robert Williams
62%
No matching quizzes found
Score Distribution
Percent of People with Each Score
Percentile by Number Answered
Your Score History
You have not taken this quiz